Over-dependence of Indian rubber industry on imported natural rubber: The question of long-term sustainability (Record no. 49735)

MARC details
000 -LEADER
fixed length control field 00514nam a2200181Ia 4500
100 ## - MAIN ENTRY--AUTHOR NAME
Personal name Joseph J
245 #0 - TITLE STATEMENT
Title Over-dependence of Indian rubber industry on imported natural rubber: The question of long-term sustainability
260 ## - PUBLICATION, DISTRIBUTION, ETC. (IMPRINT)
Name of publisher Rubber Science
Year of publication 2018
300 ## - PHYSICAL DESCRIPTION
Number of Pages 9-Jan
650 ## - SUBJECT ADDED ENTRY--TOPICAL TERM
Topical Term Indian rubber industry
650 ## - SUBJECT ADDED ENTRY--TOPICAL TERM
Topical Term NR production
650 ## - SUBJECT ADDED ENTRY--TOPICAL TERM
Topical Term NR supply
650 ## - SUBJECT ADDED ENTRY--TOPICAL TERM
Topical Term NR trade
650 ## - SUBJECT ADDED ENTRY--TOPICAL TERM
Topical Term Rubber products
700 ## - ADDED ENTRY--PERSONAL NAME
Personal name Jacob J
942 ## - ADDED ENTRY ELEMENTS (KOHA)
Koha item type Bibliography STAF
Holdings
Withdrawn status Lost status Damaged status Not for loan Home library Current library Shelving location Date acquired Serial Enumeration / chronology Koha item type
      Bibliography RRII Library RRII Library Economics 01/01/2021 Volume 31, Issue 1 Bibliography STAF